00369nam a22001337a 450000500170000000800410001704100130005808200130007110000130008424500440009726000360014130000320017765000260020920240426132734.0240426b |||||||| |||| 00| 0 eng d aEnglish  a349 LAW  lEnglish  aThe Law Reports: King's Bench Division  aLondon: bBY THE COUNCILc1918  bxxxiii, 915 pages;c25 cm.  aLegal practice bLaw